The imprisonment race: Unintended consequences of 'fixed' sentencing on people of color over time

Saved in:  
Bibliographic Details
Main Author: Harmon, Mark G. (Author)
Format: Electronic Article
Language:English
Published: 2011
In: Journal of ethnicity in criminal justice
Year: 2011, Volume: 9, Issue: 2, Pages: 79-109
Online Access: Volltext (lizenzpflichtig)
Check availability: HBZ Gateway

MARC

LEADER 00000caa a22000002c 4500
001 1912586657
003 DE-627
005 20250122055007.0
007 cr uuu---uuuuu
008 241217s2011 xx |||||o 00| ||eng c
024 7 |a 10.1080/15377938.2011.566811  |2 doi 
035 |a (DE-627)1912586657 
035 |a (DE-599)KXP1912586657 
040 |a DE-627  |b ger  |c DE-627  |e rda 
041 |a eng 
084 |a 2,1  |2 ssgn 
100 1 |a Harmon, Mark G.  |e VerfasserIn  |0 (DE-588)1175420522  |0 (DE-627)1046356291  |0 (DE-576)516181246  |4 aut 
109 |a Harmon, Mark G.  |a Harmon, Mark  |a Leymon, Mark G.  |a Leymon, Mark Gregory Harmon 
245 1 4 |a The imprisonment race: Unintended consequences of 'fixed' sentencing on people of color over time 
264 1 |c 2011 
336 |a Text  |b txt  |2 rdacontent 
337 |a Computermedien  |b c  |2 rdamedia 
338 |a Online-Ressource  |b cr  |2 rdacarrier 
773 0 8 |i Enthalten in  |t Journal of ethnicity in criminal justice  |d [Erscheinungsort nicht ermittelbar] : Routledge, 2003  |g 9(2011), 2, Seite 79-109  |h Online-Ressource  |w (DE-627)390611441  |w (DE-600)2151128-7  |w (DE-576)309205514  |x 1537-7946  |7 nnas 
773 1 8 |g volume:9  |g year:2011  |g number:2  |g pages:79-109 
787 0 8 |i Forschungsdaten  |a United States Department of Justice. Office of Justice Programs. Bureau of Justice Statistics  |t National Prisoner Statistics, 1978-2011  |d [Erscheinungsort nicht ermittelbar] : [Verlag nicht ermittelbar], 2013  |w (DE-627)1840048174 
787 0 8 |i Forschungsdaten  |a United States Department of Justice. Office of Justice Programs. Bureau of Justice Statistics  |t Race of Prisoners Admitted to State and Federal Institutions in the United States, 1926-1986  |d [Erscheinungsort nicht ermittelbar] : [Verlag nicht ermittelbar], 1991  |w (DE-627)1840067373 
856 4 0 |u https://doi.org/10.1080/15377938.2011.566811  |x Resolving-System  |z lizenzpflichtig  |3 Volltext  |7 1 
935 |a mkri 
951 |a AR 
ELC |a 1 
LOK |0 000 xxxxxcx a22 zn 4500 
LOK |0 001 463755215X 
LOK |0 003 DE-627 
LOK |0 004 1912586657 
LOK |0 005 20241217044558 
LOK |0 008 241217||||||||||||||||ger||||||| 
LOK |0 035   |a (DE-2619)ICPSR150504 
LOK |0 040   |a DE-2619  |c DE-627  |d DE-2619 
LOK |0 092   |o n 
LOK |0 852   |a DE-2619 
LOK |0 852 1  |9 00 
LOK |0 935   |a nacp 
LOK |0 939   |a 17-12-24  |b l01 
ORI |a SA-MARC-krimdoka001.raw